Evaluation of key worker living (Record no. 105906)
[ view plain ]
| 000 -LEADER | |
|---|---|
| fixed length control field | 01314cam a2200289 4500 |
| 001 - CONTROL NUMBER | |
| control field | ##L135077 |
| 008 - FIXED-LENGTH DATA ELEMENTS--GENERAL INFORMATION | |
| fixed length control field | 060922n2006 000 0 eng u |
| 035 ## - SYSTEM CONTROL NUMBER | |
| System control number | (Sirsi) u135077 |
| 041 0# - LANGUAGE CODE | |
| Language code of text/sound track or separate title | eng |
| 050 04 - LIBRARY OF CONGRESS CALL NUMBER | |
| Classification number | 306.1 $2 18 |
| 100 1# - MAIN ENTRY--PERSONAL NAME | |
| Personal name | Battye, F. |
| 245 00 - TITLE STATEMENT | |
| Title | Evaluation of key worker living |
| Remainder of title | final report |
| 260 ## - PUBLICATION, DISTRIBUTION, ETC. | |
| Place of publication, distribution, etc. | London |
| Name of publisher, distributor, etc. | DCLG |
| Date of publication, distribution, etc. | 2006 |
| 520 ## - SUMMARY, ETC. | |
| Summary, etc. | Evaluates the performance of the key worker living programme established by DCLG in March 2004. The programme sought to address the problems of recruitment and retention of key workers in areas of high cost housing by providing them with loans towards the purchase of a property or shared ownership housing options. Examines the effectiveness of the scheme and makes recommendations for improvements. |
| 590 ## - LOCAL NOTE (RLIN) | |
| Local note | IKA031006, KA |
| 650 24 - SUBJECT ADDED ENTRY--TOPICAL TERM | |
| Topical term or geographic name entry element | Affordable housing |
| 9 (RLIN) | 6215 |
| 651 #4 - SUBJECT ADDED ENTRY--GEOGRAPHIC NAME | |
| Geographic name | England |
| Chronological subdivision | 886- |
| 690 ## - LOCAL SUBJECT ADDED ENTRY--TOPICAL TERM (OCLC, RLIN) | |
| Topical term or geographic name as entry element | PROPERTY-RESIDENTIAL PROPERTY-ACQUISITION AND DISPOSAL OF RESIDENTIAL PROPERTY |
| 700 1# - ADDED ENTRY--PERSONAL NAME | |
| Personal name | Bishop, B. |
| 700 1# - ADDED ENTRY--PERSONAL NAME | |
| Personal name | Harris, P. |
| 700 1# - ADDED ENTRY--PERSONAL NAME | |
| Personal name | Murie, A. |
| 700 1# - ADDED ENTRY--PERSONAL NAME | |
| Personal name | Rowlands, R. |
| 700 1# - ADDED ENTRY--PERSONAL NAME | |
| Personal name | Tice, A. |
| 710 1# - ADDED ENTRY--CORPORATE NAME | |
| Corporate name or jurisdiction name as entry element | United Kingdom |
| Subordinate unit | Department for Communities and Local Government |
| 9 (RLIN) | 4939 |
| 856 40 - ELECTRONIC LOCATION AND ACCESS | |
| Uniform Resource Identifier | <a href="https://www.communities.gov.uk/index.asp?id=1503097">https://www.communities.gov.uk/index.asp?id=1503097</a> |
| Public note | View the item free of charge at www.communities.gov.uk... |
| 942 ## - ADDED ENTRY ELEMENTS (KOHA) | |
| Suppress in OPAC | 0 |
| Withdrawn status | Lost status | Source of classification or shelving scheme | Damaged status | Not for loan | Home library | Current library | Shelving location | Date acquired | Total Checkouts | Full call number | Barcode | Date last seen | Copy number | Price effective from | Koha item type |
|---|---|---|---|---|---|---|---|---|---|---|---|---|---|---|---|
| Dewey Decimal Classification | Virtual | Virtual | Online | 22/09/2006 | ONLINE PUBLICATION | 135077-1001 | 06/08/2019 | 1 | 06/08/2019 | Book |